000 00289nam a22001337a 4500
008 170526b xxu||||| |||| 00| 0 eng d
020 _a0879381523
041 _aeng
080 _a621
100 _a27
101 _aIM
245 _aPORSCHES FOR THE ROAD
_cRASMUSSEN, H
942 _2udc
_cBK
999 _c14604
_d14604